Eco trends : Japan's response to environmental concerns

Đã lưu trong:
書目詳細資料
格式: 圖書
語言:Undetermined
出版: U.S.A. The Nikkel Weekly 1991
主題:
標簽: 添加標簽
沒有標簽, 成為第一個標記此記錄!
Thư viện lưu trữ: Trung tâm Học liệu Trường Đại học Cần Thơ
LEADER 00480nam a2200169Ia 4500
001 CTU_95388
008 210402s9999 xx 000 0 und d
082 |a 363.7 
082 |b E19 
245 0 |a Eco trends : 
245 0 |b Japan's response to environmental concerns 
260 |a U.S.A. 
260 |b The Nikkel Weekly 
260 |c 1991 
650 |a Environmental protection,Environmental policy 
904 |i Tuyến 
980 |a Trung tâm Học liệu Trường Đại học Cần Thơ